[Event "Team Championship Russia (Blitz, Women)"]
[Site "Sochi"]
[Date "2018.10.10"]
[Round "7.8"]
[White "Kovalevskaya, Ekaterina"]
[Black "Faizutdinova, Diana"]
[Result "1-0"]
[BlackElo "1940"]
[WhiteElo "2284"]
[LiveChessVersion "1.4.8"]

1. Nf3 {[%clk 0:03:02]} Nf6 {[%clk 0:03:03]} 2. g3 {[%clk 0:03:03]} g6
{[%clk 0:03:05]} 3. Bg2 {[%clk 0:03:04]} Bg7 {[%clk 0:03:05]} 4. O-O
{[%clk 0:03:05]} O-O {[%clk 0:03:05]} 5. d4 {[%clk 0:03:06]} c6 {[%clk 0:03:04]}
6. c4 {[%clk 0:03:01]} d6 {[%clk 0:03:05]} 7. Nc3 {[%clk 0:03:01]} Bf5
{[%clk 0:03:06]} 8. Nh4 {[%clk 0:02:45]} Be6 {[%clk 0:03:06]} 9. d5
{[%clk 0:02:27]} cxd5 {[%clk 0:03:07]} 10. cxd5 {[%clk 0:02:28]} Bd7
{[%clk 0:03:08]} 11. e4 {[%clk 0:02:13]} Na6 {[%clk 0:02:58]} 12. Be3
{[%clk 0:02:07]} Qa5 {[%clk 0:02:47]} 13. a3 {[%clk 0:01:59]} Rfc8
{[%clk 0:02:44]} 14. Rc1 {[%clk 0:01:41]} Qd8 {[%clk 0:02:35]} 15. Re1
{[%clk 0:01:31]} Ng4 {[%clk 0:02:10]} 16. Bd4 {[%clk 0:01:26]} Ne5
{[%clk 0:01:53]} 17. f4 {[%clk 0:00:46]} Nc4 {[%clk 0:01:53]} 18. Bxg7
{[%clk 0:00:46]} Kxg7 {[%clk 0:01:54]} 19. Qd4+ {[%clk 0:00:42]} Kg8
{[%clk 0:01:53]} 20. e5 {[%clk 0:00:35]} Qb6 {[%clk 0:01:49]} 21. Qxb6
{[%clk 0:00:35]} axb6 {[%clk 0:01:44]} 22. e6 {[%clk 0:00:24]} fxe6
{[%clk 0:01:45]} 23. dxe6 {[%clk 0:00:25]} Bc6 {[%clk 0:01:40]} 24. f5
{[%clk 0:00:18]} Nxb2 {[%clk 0:01:30]} 25. Nd5 {[%clk 0:00:14]} Bxd5
{[%clk 0:01:17]} 26. Bxd5 {[%clk 0:00:15]} Rxc1 {[%clk 0:01:12]} 27. Rxc1
{[%clk 0:00:15]} Nc5 {[%clk 0:01:13]} 28. fxg6 {[%clk 0:00:15]} Rxa3
{[%clk 0:00:43]} 29. Nf5 {[%clk 0:00:09]} hxg6 {[%clk 0:00:30]} 30. Nxe7+
{[%clk 0:00:10]} Kg7 {[%clk 0:00:26]} 31. Rf1 {[%clk 0:00:11]} Re3
{[%clk 0:00:23]} 32. Rf7+ {[%clk 0:00:12]} Kh6 {[%clk 0:00:22]} 33. Ng8+
{[%clk 0:00:12]} Kg5 {[%clk 0:00:21]} 34. e7 {[%clk 0:00:13]} Nbd3
{[%clk 0:00:14]} 35. Nf6 {[%clk 0:00:13]} Re1+ {[%clk 0:00:13]} 36. Kg2
{[%clk 0:00:14]} Ne5 {[%clk 0:00:05]} 37. e8=Q {[%clk 0:00:13]} Re2+
{[%clk 0:00:04]} 38. Kf1 {[%clk 0:00:14]} Rxh2 {[%clk 0:00:03]} 39. Ne4+
{[%clk 0:00:14]} Nxe4 {[%clk 0:00:04]} 40. Bxe4 {[%clk 0:00:14]} Ng4
{[%clk 0:00:04]} 41. Bf3 {[%clk 0:00:13]} Rh6 {[%clk 0:00:03]} 42. Qe7+
{[%clk 0:00:13]} Kh5 {[%clk 0:00:04]} 43. Rf4 {[%clk 0:00:13]} g5
{[%clk 0:00:05]} 44. Bxg4+ {[%clk 0:00:14]} 1-0

[Event "Team Championship Russia (Blitz, Women)"]
[Site "Sochi"]
[Date "2018.10.10"]
[Round "7.9"]
[White "Schepetkova, Margarita"]
[Black "Sukhareva, Evgeniya"]
[Result "0-1"]
[BlackElo "2186"]
[WhiteElo "2100"]
[LiveChessVersion "1.4.8"]

1. d4 {[%clk 0:03:03]} Nf6 {[%clk 0:03:04]} 2. c4 {[%clk 0:03:04]} e6
{[%clk 0:03:05]} 3. g3 {[%clk 0:03:05]} c5 {[%clk 0:03:06]} 4. d5
{[%clk 0:03:06]} exd5 5. cxd5 {[%clk 0:03:07]} d6 {[%clk 0:03:09]} 6. Nc3
{[%clk 0:03:08]} a6 {[%clk 0:03:10]} 7. Nf3 {[%clk 0:03:09]} g6 {[%clk 0:03:11]}
8. Bg2 {[%clk 0:03:10]} Bg7 {[%clk 0:03:12]} 9. a4 {[%clk 0:03:10]} O-O
{[%clk 0:03:13]} 10. O-O {[%clk 0:03:10]} Re8 {[%clk 0:03:13]} 11. Bf4
{[%clk 0:03:08]} Qe7 {[%clk 0:03:08]} 12. Re1 {[%clk 0:03:06]} Nfd7
{[%clk 0:03:09]} 13. Rb1 {[%clk 0:03:00]} Ne5 {[%clk 0:03:06]} 14. Nd2
{[%clk 0:02:56]} Nbd7 {[%clk 0:03:06]} 15. h3 {[%clk 0:02:47]} Rb8
{[%clk 0:03:07]} 16. a5 {[%clk 0:02:40]} b5 {[%clk 0:03:08]} 17. axb6
{[%clk 0:02:41]} Rxb6 {[%clk 0:03:08]} 18. Qc2 {[%clk 0:02:35]} Rb4
{[%clk 0:02:57]} 19. e4 {[%clk 0:02:25]} a5 {[%clk 0:02:55]} 20. Be3
{[%clk 0:02:23]} Ba6 {[%clk 0:02:56]} 21. Bf1 {[%clk 0:02:21]} Bxf1 22. Kxf1
{[%clk 0:02:22]} h5 {[%clk 0:02:53]} 23. Kg2 {[%clk 0:01:50]} g5 {[%clk 0:02:45]}
24. f3 {[%clk 0:01:46]} h4 {[%clk 0:02:41]} 25. gxh4 {[%clk 0:01:41]} gxh4
{[%clk 0:02:41]} 26. f4 {[%clk 0:01:38]} Ng6 {[%clk 0:02:42]} 27. Kh2
{[%clk 0:01:25]} Nf6 {[%clk 0:02:36]} 28. Rg1 {[%clk 0:01:22]} Nh5
{[%clk 0:02:36]} 29. Ne2 {[%clk 0:01:19]} Rxe4 {[%clk 0:02:27]} 30. Nxe4
{[%clk 0:01:13]} Qxe4 {[%clk 0:02:28]} 31. Qxe4 {[%clk 0:01:02]} Rxe4
{[%clk 0:02:29]} 32. f5 {[%clk 0:00:52]} Rxe3 33. fxg6 {[%clk 0:00:51]} Rxe2+
{[%clk 0:02:29]} 34. Rg2 {[%clk 0:00:50]} Be5+ {[%clk 0:01:31]} 35. Kg1
{[%clk 0:00:46]} Rxg2+ {[%clk 0:01:29]} 36. Kxg2 {[%clk 0:00:47]} Nf4+
{[%clk 0:01:30]} 37. Kf3 {[%clk 0:00:48]} fxg6 {[%clk 0:01:30]} 38. Kg4
{[%clk 0:00:49]} Nxd5 39. Ra1 {[%clk 0:00:45]} Ne3+ {[%clk 0:01:18]} 40. Kg5
{[%clk 0:00:43]} Kg7 {[%clk 0:00:51]} 41. Rxa5 {[%clk 0:00:40]} Bf6+ 42. Kf4
{[%clk 0:00:41]} Nc4 {[%clk 0:00:27]} 43. Ra7+ {[%clk 0:00:40]} Kh6
{[%clk 0:00:28]} 44. b3 {[%clk 0:00:38]} Be5+ 45. Kg4 {[%clk 0:00:36]} Nd2
{[%clk 0:00:24]} 46. Rb7 {[%clk 0:00:37]} Bg3 {[%clk 0:00:18]} 47. Rb8
{[%clk 0:00:37]} Ne4 {[%clk 0:00:16]} 48. Rh8+ {[%clk 0:00:36]} Kg7
{[%clk 0:00:17]} 49. Rb8 {[%clk 0:00:37]} Nf2+ {[%clk 0:00:18]} 50. Kf3
{[%clk 0:00:32]} Nxh3 {[%clk 0:00:19]} 51. Kg4 {[%clk 0:00:32]} Nf2+
{[%clk 0:00:20]} 52. Kg5 {[%clk 0:00:33]} Kf7 {[%clk 0:00:17]} 53. Rb7+
{[%clk 0:00:30]} Ke6 {[%clk 0:00:19]} 54. Kxg6 {[%clk 0:00:29]} h3
{[%clk 0:00:20]} 0-1

[Event "Team Championship Russia (Blitz, Women)"]
[Site "Sochi"]
[Date "2018.10.10"]
[Round "8.1"]
[White "Pogonina, Natalija"]
[Black "Vifleemskaia, Svetlana"]
[Result "1/2-1/2"]
[BlackElo "2145"]
[WhiteElo "2328"]
[LiveChessVersion "1.4.8"]

1. d4 {[%clk 0:03:02]} Nc6 {[%clk 0:03:04]} 2. d5 {[%clk 0:02:58]} Ne5
{[%clk 0:03:05]} 3. e4 {[%clk 0:02:57]} e6 {[%clk 0:03:05]} 4. Nc3
{[%clk 0:02:47]} Bc5 {[%clk 0:02:53]} 5. Be2 {[%clk 0:02:12]} d6 {[%clk 0:02:37]}
6. Nf3 {[%clk 0:02:11]} Nxf3+ {[%clk 0:02:31]} 7. Bxf3 {[%clk 0:02:12]} Ne7
{[%clk 0:02:09]} 8. O-O {[%clk 0:02:10]} a6 {[%clk 0:02:04]} 9. Na4
{[%clk 0:01:53]} Ba7 {[%clk 0:02:01]} 10. c4 {[%clk 0:01:53]} b5 {[%clk 0:01:42]}
11. cxb5 {[%clk 0:01:49]} axb5 {[%clk 0:01:43]} 12. Nc3 {[%clk 0:01:49]} Bd7
{[%clk 0:01:28]} 13. b4 {[%clk 0:01:25]} e5 {[%clk 0:01:25]} 14. Be2
{[%clk 0:01:23]} Bd4 {[%clk 0:01:19]} 15. Bb2 {[%clk 0:01:21]} Rb8
{[%clk 0:01:13]} 16. Rb1 {[%clk 0:01:13]} O-O {[%clk 0:01:12]} 17. Bd3
{[%clk 0:01:09]} f5 {[%clk 0:00:53]} 18. exf5 {[%clk 0:01:09]} Nxf5
{[%clk 0:00:33]} 19. Ne4 {[%clk 0:00:42]} Qh4 {[%clk 0:00:29]} 20. Bxd4
{[%clk 0:00:35]} Nxd4 {[%clk 0:00:30]} 21. Kh1 {[%clk 0:00:32]} Ra8
{[%clk 0:00:22]} 22. Rb2 {[%clk 0:00:31]} Rf7 {[%clk 0:00:20]} 23. Ng3
{[%clk 0:00:24]} g6 {[%clk 0:00:17]} 24. Ne4 {[%clk 0:00:21]} Bf5
{[%clk 0:00:13]} 25. f3 {[%clk 0:00:21]} Bd7 {[%clk 0:00:10]} 26. Qe1
{[%clk 0:00:17]} Qxe1 {[%clk 0:00:09]} 27. Rxe1 {[%clk 0:00:18]} Ra7
{[%clk 0:00:09]} 28. Rc1 {[%clk 0:00:15]} Kg7 {[%clk 0:00:07]} 29. Kg1
{[%clk 0:00:16]} h6 {[%clk 0:00:08]} 30. Kf2 {[%clk 0:00:15]} Rf8
{[%clk 0:00:08]} 31. Bb1 {[%clk 0:00:08]} Rfa8 {[%clk 0:00:08]} 32. Rc3
{[%clk 0:00:08]} Kf7 {[%clk 0:00:09]} 33. Ke3 Ke7 34. h4 {[%clk 0:00:07]} Nf5+
{[%clk 0:00:11]} 35. Kf2 {[%clk 0:00:08]} Nxh4 {[%clk 0:00:12]} 36. Ng3
{[%clk 0:00:06]} Nf5 {[%clk 0:00:12]} 37. Nxf5+ {[%clk 0:00:06]} Bxf5
{[%clk 0:00:12]} 38. Bxf5 {[%clk 0:00:06]} gxf5 {[%clk 0:00:13]} 39. Rbc2
{[%clk 0:00:06]} Kd7 {[%clk 0:00:13]} 40. Kg3 {[%clk 0:00:06]} Rg8+
{[%clk 0:00:12]} 41. Kh3 {[%clk 0:00:07]} Rg5 {[%clk 0:00:13]} 42. g3
{[%clk 0:00:07]} Rh5+ {[%clk 0:00:14]} 43. Kg2 Rg5 44. Kh3 {[%clk 0:00:09]} Rh5+
{[%clk 0:00:17]} 45. Kg2 {[%clk 0:00:11]} Rg5 {[%clk 0:00:15]} 46. Kh3
{[%clk 0:00:12]} Rh5+ {[%clk 0:00:16]} 47. Kg2 {[%clk 0:00:13]} Rg5
{[%clk 0:00:18]} 48. Kh3 {[%clk 0:00:14]} 1/2-1/2

[Event "Team Championship Russia (Blitz, Women)"]
[Site "Sochi"]
[Date "2018.10.10"]
[Round "8.2"]
[White "Shendrik, Zhanna"]
[Black "Girya, Olga"]
[Result "1/2-1/2"]
[BlackElo "2389"]
[WhiteElo "1938"]
[LiveChessVersion "1.4.8"]

1. d4 {[%clk 0:03:03]} d5 {[%clk 0:03:04]} 2. c4 {[%clk 0:03:03]} c6
{[%clk 0:03:04]} 3. Nf3 {[%clk 0:03:04]} Nf6 {[%clk 0:03:05]} 4. Nc3
{[%clk 0:03:03]} dxc4 {[%clk 0:03:04]} 5. a4 {[%clk 0:03:04]} Bf5
{[%clk 0:03:02]} 6. e3 {[%clk 0:03:05]} e6 {[%clk 0:03:03]} 7. Bxc4
{[%clk 0:03:05]} Nbd7 {[%clk 0:03:04]} 8. h3 {[%clk 0:03:01]} Bb4
{[%clk 0:03:01]} 9. O-O {[%clk 0:02:51]} O-O {[%clk 0:02:59]} 10. Nh4
{[%clk 0:02:43]} Bg6 {[%clk 0:02:55]} 11. Nxg6 {[%clk 0:02:43]} hxg6
{[%clk 0:02:56]} 12. Qe2 {[%clk 0:02:38]} a5 {[%clk 0:02:57]} 13. Rd1
{[%clk 0:02:35]} Qe7 {[%clk 0:02:47]} 14. e4 {[%clk 0:02:34]} e5 {[%clk 0:02:45]}
15. d5 {[%clk 0:02:22]} Rad8 {[%clk 0:02:11]} 16. Bg5 {[%clk 0:02:01]} Bc5
{[%clk 0:01:49]} 17. Rac1 {[%clk 0:01:37]} Bd4 {[%clk 0:01:49]} 18. Qf3
{[%clk 0:01:31]} Qb4 {[%clk 0:01:29]} 19. Bf1 {[%clk 0:00:35]} Rde8
{[%clk 0:00:53]} 20. Bd3 {[%clk 0:00:16]} Qxb2 {[%clk 0:00:31]} 21. dxc6
{[%clk 0:00:12]} bxc6 {[%clk 0:00:29]} 22. Ne2 {[%clk 0:00:13]} Nh7
{[%clk 0:00:22]} 23. Bh4 {[%clk 0:00:11]} g5 {[%clk 0:00:21]} 24. Bg3
{[%clk 0:00:13]} Nc5 {[%clk 0:00:12]} 25. Nxd4 {[%clk 0:00:10]} Nxd3
{[%clk 0:00:13]} 26. Qxd3 {[%clk 0:00:10]} exd4 {[%clk 0:00:12]} 27. Rxc6
{[%clk 0:00:10]} Rd8 {[%clk 0:00:12]} 28. Rc4 {[%clk 0:00:10]} Qa2
{[%clk 0:00:12]} 29. Bc7 {[%clk 0:00:09]} Rd7 {[%clk 0:00:13]} 30. Bxa5
{[%clk 0:00:10]} Ra8 {[%clk 0:00:14]} 31. Bb6 {[%clk 0:00:10]} Nf6
{[%clk 0:00:14]} 32. Rxd4 {[%clk 0:00:09]} Rxd4 {[%clk 0:00:14]} 33. Bxd4
{[%clk 0:00:09]} Qxa4 {[%clk 0:00:12]} 34. Bxf6 {[%clk 0:00:11]} gxf6
{[%clk 0:00:13]} 35. Qf3 {[%clk 0:00:11]} 1/2-1/2

[Event "Team Championship Russia (Blitz, Women)"]
[Site "Sochi"]
[Date "2018.10.10"]
[Round "8.3"]
[White "Guseva, Marina"]
[Black "Zavivaeva, Emilia"]
[Result "0-1"]
[BlackElo "1550"]
[WhiteElo "2292"]
[LiveChessVersion "1.4.8"]

1. d4 {[%clk 0:03:03]} Nf6 {[%clk 0:03:02]} 2. c4 {[%clk 0:03:04]} e6
{[%clk 0:03:03]} 3. Nc3 {[%clk 0:03:05]} Bb4 {[%clk 0:03:04]} 4. Nf3
{[%clk 0:03:05]} b6 {[%clk 0:03:04]} 5. e3 {[%clk 0:03:06]} Bb7 {[%clk 0:03:04]}
6. Bd3 {[%clk 0:03:06]} d6 {[%clk 0:03:04]} 7. O-O {[%clk 0:03:05]} Bxc3
{[%clk 0:03:04]} 8. bxc3 {[%clk 0:03:06]} Nbd7 {[%clk 0:03:04]} 9. Nd2
{[%clk 0:03:04]} O-O {[%clk 0:03:02]} 10. e4 {[%clk 0:03:05]} e5 {[%clk 0:02:58]}
11. Re1 {[%clk 0:02:57]} c5 {[%clk 0:02:58]} 12. Bb2 {[%clk 0:02:58]} Qe7
{[%clk 0:02:31]} 13. f3 {[%clk 0:02:56]} Nh5 {[%clk 0:02:13]} 14. Bf1
{[%clk 0:02:38]} g6 {[%clk 0:01:29]} 15. g3 {[%clk 0:02:31]} Ng7 {[%clk 0:01:27]}
16. Bg2 {[%clk 0:02:30]} f5 {[%clk 0:01:24]} 17. exf5 {[%clk 0:02:21]} gxf5
{[%clk 0:01:16]} 18. dxe5 {[%clk 0:02:20]} dxe5 {[%clk 0:01:10]} 19. Bc1
{[%clk 0:02:20]} Qf6 {[%clk 0:00:51]} 20. Nf1 {[%clk 0:02:11]} Rad8
{[%clk 0:00:50]} 21. Ne3 {[%clk 0:02:09]} e4 {[%clk 0:00:33]} 22. Nd5
{[%clk 0:02:08]} Bxd5 {[%clk 0:00:18]} 23. cxd5 {[%clk 0:01:43]} Qxc3
{[%clk 0:00:13]} 24. Bd2 {[%clk 0:01:37]} Qd4+ {[%clk 0:00:14]} 25. Be3
{[%clk 0:01:39]} Qe5 {[%clk 0:00:09]} 26. fxe4 {[%clk 0:01:37]} fxe4
{[%clk 0:00:10]} 27. Bf4 {[%clk 0:01:37]} Qd4+ {[%clk 0:00:08]} 28. Qxd4
{[%clk 0:01:38]} cxd4 {[%clk 0:00:08]} 29. Rxe4 {[%clk 0:01:36]} Nf5
{[%clk 0:00:07]} 30. Bh3 {[%clk 0:01:32]} Nc5 {[%clk 0:00:08]} 31. Re5
{[%clk 0:01:24]} Ne3 {[%clk 0:00:05]} 32. Bxe3 {[%clk 0:01:18]} dxe3
{[%clk 0:00:06]} 33. Rd1 {[%clk 0:01:18]} Rfe8 {[%clk 0:00:05]} 34. Rg5+
{[%clk 0:01:10]} Kf8 {[%clk 0:00:04]} 35. Rf1+ {[%clk 0:01:10]} Ke7
{[%clk 0:00:06]} 36. Rg7+ {[%clk 0:00:48]} Kd6 {[%clk 0:00:06]} 37. Rf6+
{[%clk 0:00:48]} Kxd5 {[%clk 0:00:06]} 38. Kf1 {[%clk 0:00:46]} e2+
{[%clk 0:00:07]} 39. Ke1 {[%clk 0:00:47]} Nd3+ {[%clk 0:00:08]} 40. Kd2
{[%clk 0:00:47]} e1=Q+ {[%clk 0:00:08]} 41. Kxd3 {[%clk 0:00:48]} Kc5+
{[%clk 0:00:09]} 42. Kc2 {[%clk 0:00:48]} Re2+ {[%clk 0:00:08]} 0-1

[Event "Team Championship Russia (Blitz, Women)"]
[Site "Sochi"]
[Date "2018.10.10"]
[Round "8.4"]
[White "Zavivaeva, Evelina"]
[Black "Kovanova, Baira"]
[Result "0-1"]
[BlackElo "2205"]
[WhiteElo "1328"]
[LiveChessVersion "1.4.8"]

1. e4 {[%clk 0:03:03]} d6 {[%clk 0:03:03]} 2. d4 {[%clk 0:03:03]} g6
{[%clk 0:03:05]} 3. Nc3 {[%clk 0:03:03]} Bg7 {[%clk 0:03:06]} 4. Nf3
{[%clk 0:03:04]} a6 {[%clk 0:03:07]} 5. a4 {[%clk 0:02:58]} a5 {[%clk 0:02:42]}
6. Bc4 {[%clk 0:02:51]} c6 {[%clk 0:02:41]} 7. Ng5 {[%clk 0:02:30]} e6
{[%clk 0:02:30]} 8. O-O {[%clk 0:01:56]} h6 {[%clk 0:02:30]} 9. Nf3
{[%clk 0:01:42]} Ne7 {[%clk 0:02:29]} 10. Bf4 {[%clk 0:01:40]} O-O
{[%clk 0:02:23]} 11. Qd2 {[%clk 0:01:36]} Kh7 {[%clk 0:02:24]} 12. Rfe1 Na6
{[%clk 0:02:12]} 13. d5 {[%clk 0:00:43]} e5 {[%clk 0:01:43]} 14. Be3
{[%clk 0:00:38]} c5 {[%clk 0:01:44]} 15. Bxa6 {[%clk 0:00:18]} Rxa6
{[%clk 0:01:41]} 16. Nb5 {[%clk 0:00:06]} Bg4 {[%clk 0:01:33]} 17. Qe2
{[%clk 0:00:06]} f5 {[%clk 0:01:30]} 18. h3 {[%clk 0:00:06]} Bh5 {[%clk 0:01:15]}
19. Nc3 {[%clk 0:00:05]} fxe4 {[%clk 0:01:10]} 20. Nxe4 {[%clk 0:00:06]} Bxf3
{[%clk 0:01:09]} 21. gxf3 {[%clk 0:00:07]} Nxd5 {[%clk 0:01:09]} 22. Rad1
{[%clk 0:00:07]} Nf4 {[%clk 0:00:58]} 23. Bxf4 {[%clk 0:00:06]} Rxf4
{[%clk 0:00:57]} 24. Nxc5 {[%clk 0:00:05]} Qg5+ {[%clk 0:00:57]} 25. Kh2
{[%clk 0:00:04]} dxc5 {[%clk 0:00:57]} 26. Rg1 {[%clk 0:00:03]} Qf6
{[%clk 0:00:53]} 27. Rg3 {[%clk 0:00:03]} Rd6 {[%clk 0:00:51]} 28. Qe1
{[%clk 0:00:04]} Qd8 {[%clk 0:00:48]} 29. Rxd6 {[%clk 0:00:04]} Qxd6
{[%clk 0:00:48]} 30. Qe2 {[%clk 0:00:06]} b6 {[%clk 0:00:48]} 31. b3
{[%clk 0:00:06]} Qd4 {[%clk 0:00:48]} 32. Kg2 {[%clk 0:00:04]} Rf7
{[%clk 0:00:41]} 33. Kh2 {[%clk 0:00:04]} e4 {[%clk 0:00:41]} 34. Kg2
{[%clk 0:00:04]} exf3+ {[%clk 0:00:41]} 35. Rxf3 {[%clk 0:00:05]} Qd5
{[%clk 0:00:42]} 36. Qe3 {[%clk 0:00:04]} Rxf3 {[%clk 0:00:41]} 37. Qxf3
{[%clk 0:00:04]} Qxf3+ {[%clk 0:00:42]} 38. Kxf3 {[%clk 0:00:06]} g5
{[%clk 0:00:38]} 39. Ke4 {[%clk 0:00:07]} Kg6 {[%clk 0:00:39]} 40. Kd5
{[%clk 0:00:08]} Kh5 {[%clk 0:00:39]} 41. Kc6 Bd4 {[%clk 0:00:37]} 42. Kxb6
{[%clk 0:00:03]} c4+ {[%clk 0:00:38]} 43. Kb5 {[%clk 0:00:03]} cxb3
{[%clk 0:00:38]} 44. cxb3 Bc3 {[%clk 0:00:39]} 45. Kc4 {[%clk 0:00:05]} Bb4
{[%clk 0:00:38]} 46. Kd3 {[%clk 0:00:06]} Kh4 {[%clk 0:00:39]} 47. Ke4
{[%clk 0:00:07]} Kxh3 {[%clk 0:00:38]} 48. Kf5 {[%clk 0:00:08]} g4
{[%clk 0:00:37]} 49. Kf4 {[%clk 0:00:09]} h5 {[%clk 0:00:38]} 50. Kg5
{[%clk 0:00:08]} h4 {[%clk 0:00:39]} 51. Kf4 {[%clk 0:00:09]} g3 {[%clk 0:00:39]}
52. fxg3 {[%clk 0:00:09]} hxg3 {[%clk 0:00:40]} 53. Kf3 {[%clk 0:00:11]} g2
{[%clk 0:00:41]} 0-1

[Event "Team Championship Russia (Blitz, Women)"]
[Site "Sochi"]
[Date "2018.10.10"]
[Round "8.7"]
[White "Khusneeva, Alina"]
[Black "Fairuzova, Zulfiiya"]
[Result "0-1"]
[BlackElo "1764"]
[WhiteElo "1066"]
[LiveChessVersion "1.4.8"]

1. e4 {[%clk 0:02:10]} e5 {[%clk 0:03:02]} 2. Nf3 {[%clk 0:02:10]} d6
{[%clk 0:03:03]} 3. Bb5+ {[%clk 0:02:06]} Bd7 {[%clk 0:03:04]} 4. Bxd7+
{[%clk 0:02:05]} Qxd7 {[%clk 0:03:01]} 5. O-O {[%clk 0:02:03]} Nf6
{[%clk 0:03:02]} 6. d3 {[%clk 0:02:03]} Be7 {[%clk 0:03:03]} 7. c3
{[%clk 0:02:03]} O-O {[%clk 0:03:01]} 8. Re1 {[%clk 0:02:04]} Nc6
{[%clk 0:02:59]} 9. d4 {[%clk 0:01:58]} Rfe8 {[%clk 0:02:49]} 10. Nbd2
{[%clk 0:01:49]} Bf8 {[%clk 0:02:43]} 11. Qc2 {[%clk 0:01:20]} a6
{[%clk 0:02:04]} 12. Nf1 {[%clk 0:01:16]} g6 {[%clk 0:01:58]} 13. Ng3
{[%clk 0:01:08]} Bg7 {[%clk 0:01:59]} 14. Rd1 {[%clk 0:00:56]} Qe7
{[%clk 0:01:55]} 15. d5 {[%clk 0:00:48]} Nb8 {[%clk 0:01:35]} 16. c4
{[%clk 0:00:37]} Nbd7 {[%clk 0:01:36]} 17. b3 {[%clk 0:00:32]} a5
{[%clk 0:01:35]} 18. Bb2 {[%clk 0:00:29]} Nc5 {[%clk 0:01:36]} 19. Re1
{[%clk 0:00:25]} Rf8 {[%clk 0:01:18]} 20. h3 {[%clk 0:00:24]} Nfd7
{[%clk 0:01:10]} 21. Nd2 {[%clk 0:00:16]} f6 {[%clk 0:01:05]} 22. Nf3
{[%clk 0:00:16]} Qf7 {[%clk 0:01:05]} 23. Nd2 {[%clk 0:00:16]} f5
{[%clk 0:01:06]} 24. exf5 {[%clk 0:00:12]} gxf5 {[%clk 0:01:07]} 25. Nf3
{[%clk 0:00:10]} f4 {[%clk 0:00:57]} 26. Ne4 {[%clk 0:00:10]} Nxe4
{[%clk 0:00:58]} 27. Qxe4 {[%clk 0:00:11]} Nc5 {[%clk 0:00:59]} 28. Qc2
{[%clk 0:00:08]} Bf6 {[%clk 0:00:51]} 29. Rad1 {[%clk 0:00:05]} Kh8
{[%clk 0:00:52]} 30. Kh1 {[%clk 0:00:05]} Rg8 {[%clk 0:00:52]} 31. Kg1
{[%clk 0:00:05]} Qg7 {[%clk 0:00:53]} 0-1